000 00327nam a2200133Ia 4500
008 230917s9999||||xx |||||||||||||| ||und||
040 _e10022
_aMAIN
041 _aEnglish
082 _a515.7223 G281G
100 _aGel'fand, I M
245 0 _aGeneralized functions
260 _aNew York
_bAcademic Press
_c1968
942 _cBK
999 _c190816
_d190816